000 00620nam a2200193 a 4500
001 3782
005 20140414131912.0
008 061012s19uu xx 00 eng d
020 _a1-896298-02-8
050 _aER
_bD78 1994
100 _aHenry, Brian
245 _aDr. Jekyll and Mr. Hyde. /
_cadapted by Brian Henry ; illustrated by Susan Moshynski.
260 _aDon Mills, Ontario :
_bTwentieth Century Fox,
_c1994.
300 _a32 p. : ill. ; cm.
440 _aThe Pagemaster Classic Series
500 _aadapted from the novel by Robert Louis Stevenson
650 _aAdventures
_xFiction.
999 _c111282
_d111282